| 000 | 00588cam a2200205 4500 | ||
|---|---|---|---|
| 008 | 090401t1983 xxu||||| |||| 00| 0 eng d | ||
| 020 | _a0854062114 | ||
| 035 | _a(Sirsi) u37919 | ||
| 041 | 0 | _aeng | |
| 050 | 0 | 4 | _a333.33 $2 18 |
| 110 | 2 |
_aValuation Office Agency _93141 |
|
| 245 | 0 | 0 |
_aValuation Office property market report _bNo. 40 (Autumn 1983) |
| 260 |
_aLondon _bSurveyors Publications _c1983 |
||
| 300 |
_a74p. _c30cm. |
||
| 490 | 0 |
_aVOA Property Market Report _v(40) |
|
| 651 | 4 |
_aUnited Kingdom _y |
|
| 690 | _aPROPERTY-PROPERTY MARKET | ||
| 942 | _n0 | ||
| 948 | _c04/03/1997 | ||
| 999 |
_c90576 _d90576 |
||